000 01064nam a22002417a 4500
008 240518t2023 at |||||o|||| 00| 0 eng d
041 _aeng
110 _aEngineers Australia
245 _aManaging building defects:
_broles, responsibilities and collaboration among owners, strata managers and engineers
_h[Electronic resource]
260 _bEngineers Australia,
_cMay 2023
300 _a20p.
520 _aThis document is intended to provide high-level guidance on the obligations, responsibilities, and areas of expertise of owners, strata managers and engineers over the lifecycle of a building.
650 _aBUILDING DEFECTS
650 _aCLADDING
650 _aENGINEERING
650 _aFIRE SAFETY
650 _aHIGH RISE BUILDINGS
651 _aAustralia
690 _96223
_aBuilding materials & defects
710 _aEngineers Australia
856 _uhttps://www.engineersaustralia.org.au/publications/managing-building-defects-roles-responsibilities-and-collaboration-among-owners-strata
_zAvailable online
942 _n0
999 _c121503
_d121503